000
00288nam a22001337a 4500
008
171101b xxu||||| |||| 00| 0 eng d
020
_a
9780073376837
041
_a
eng
080
_a
338
100
_a
53
101
_a
MIS
245
_a
INFORMATION SYSTEMS
_c
BALTZAN,P
942
_2
udc
_c
BK
999
_c
37012
_d
37012